Регионална библиотека "Любен Каравелов" - Русе

Женски съдби (Запис номер 23633)

MARC детайли
000 -Лидер
Контролно поле с фиксирана дължина 01295nam a2200325 c 4500
003 - Код на организацията, давaща контролен номер
Контролно поле BLK
005 - Дата и час на последна редакция
Контролно поле 20240924114541.0
008 - Елементи от данни с фиксирана дължина
fixed length control field 180413b bul|||||r ||||||| ||bul||
010 ## - Наследен системен номер
LC control number KNG00026116000
040 ## - Източник на каталожния запис
Идентификатор на билиотеката - собственик на записа BLK
041 ## - Код за език
Код за езика на текст/звукозапис или на отделно заглавие Български
Код за езика КДБФ Български
080 ## - УДК
Текстов определител УДК Американска литература (на САЩ)
УДК код - определител по УДК 821.111(73)
УДК определител -31
УДК - код + определител 821.111(73)-31
100 1# - Редна дума - Автор
Автор Джеф, Рона
Авторска отговорност първи автор
R(LIN) 246903
139 ## - Редно поле
Редна дума Джеф, Рона
Авторски знак Джер - Д 51
245 10 - Сведения за заглавието
Заглавие Женски съдби
Подзаглавни данни Роман
Редно поле (дума) Рона Джеф; прев. от англ. Галина Каменова Лозанова.
257 ## - Страна на издаване
Страна на създаване/издаване Съединени американски щати
260 ## - Област на издателските данни
-- София
Име на издателя, разпространителя и проч. Плеяда
Година на издаване 1998
Печатница Враца : Полипринт
300 ## - Физическа характеристика
Страници 412 с.
Размери/Мащаб 20 см
380 ## - Жанр
Жанр Худож. лит.
490 1# - СЕРИИ (Колекции)
Име на серия Поредица Пеперуда : Съвременна романтична проза
500 ## - Общи забележки
Забележка Ориг. загл. The Best of Everything / Rona Jaffe. - Офс. изд.
653 ## - Ключова дума – ненормативна
Ключова дума романтична проза
700 1# - Други автори (авторска отговорност)
Лично име Лозанова, Галина Каменова
Дати, свързани с автора 1955 -
9 (RLIN) 89394
852 ## - Местоположение
Форматна сигнатура Цб 197821
856 4# - Електронен адрес и достъп
Електронен формат pdf - файл
Път до файла /url/
856 4# - Електронен адрес и достъп
Електронен формат pdf - файл
Път до файла /url/
942 ## - АРТИКУЛИ
Вид на библиотечния материал Книги
Скрит в OPAC Не
944 ## - СЪЗДАВАНЕ И РЕДАКЦИЯ на ЗАПИСА
Създаване/Редакция Създаване
Дата на регистрацията/редакция 15.01.2003
Служител, извършил регистрацията/редакцията 30560
Статус, дата на статуса Геновева Генчева
944 ## - СЪЗДАВАНЕ И РЕДАКЦИЯ на ЗАПИСА
Създаване/Редакция Редакция
Дата на регистрацията/редакция 07.10.2016
Служител, извършил регистрацията/редакцията Кети_Илиева
999 ## - СИСТЕМНИ КОНТРОЛНИ НОМЕРА
Koha biblionumber 23633
Koha biblioitemnumber 23633
Наличности
Код за отписване Код за изгубен артикул Източник на класификационната схема Код за повреда Коз за рестрикции Код за отдаване Артикулен № Име на библиотеката - собственик Име на библиотеката, в която се намира в момента Статус (Текущо местоположение) Дата на вписване в системата Местоположение - отдел Цена в лева Инвентарен номер Систематично азбучна сигнатура Баркод Номер на екземпляра Цена в евро Служебна бележка Служебен тип на артикула
  Не е изгубен Universal Decimal Classification Не е повреден без рестрикции ползва се в читалня 39097 Регионална библиотека "Любен Каравелов" Русе Регионална библиотека "Любен Каравелов" Русе Хранилище 2001-01-01 Хранилище 5.00 646137 Цб 197821 120000646137 1 2.56 Дост: Dp Вид: Д N: стар фонд Дата: 01.01.1998 Книги
Изтеглен Не е изгубен Universal Decimal Classification Не е повреден без рестрикции заемане за дома 39098 Регионална библиотека "Любен Каравелов" Русе Регионална библиотека "Любен Каравелов" Русе Заемна - подръчен фонд 1998-01-01 Заемна - подръчен фонд 5.00 642366 П 820(73)-31/Д 51 642366 2 2.56 Вид: Сф Дата: 01.01.1998 Книги
Vip Innovations Ltd, Rousse, Bulgaria 2025